| 000 | 00619nam a2200193 ar4500 | ||
|---|---|---|---|
| 001 | 4217 | ||
| 005 | 20221127090907.0 | ||
| 008 | 150504s xxk d 00110|eng d | ||
| 020 |
_a9781857435184(pbk) : _cSR330.00 |
||
| 082 | 0 | 4 |
_a327.03 _bD561 2010 |
| 245 | 0 | 0 |
_aDictionary of globalization / _cby Jens-Uwe Wunderlich, Meera Warrier. |
| 260 |
_aLondon ; _aNew York : _bRoutledge, _c2010. |
||
| 300 |
_ax, 298 p. ; _c24 cm. |
||
| 500 | _aFirst published: 2007. | ||
| 504 | _aIndludes bibl. references and index. | ||
| 650 | 4 |
_aGlobbalization _vDictionaries. |
|
| 700 | 0 | _aWunderlich, Jens-Uwe. | |
| 700 | 0 | _aWarrier, Meera. | |
| 999 |
_c4215 _d4215 |
||